000 00289nam a22001337a 4500
008 180815b xxu||||| |||| 00| 0 eng d
020 _a9780072949391
041 _aeng
080 _a33
100 _a59
101 _aBIS
245 _aINTERNATIONAL BUSINESS
_cHILL.CH
942 _2udc
_cBK
999 _c47177
_d47177